000 00447cam a2200169ua 4500
020 _a81-7164-006-0
_c400
041 _aeng
_h
082 _a028.71635
_bCHA/HA
100 _aChadha, K L .
245 0 0 _aHandbook of Horticulture /
_cK.L Chadha.
_hTextual Documents
260 _aNew Delhi :
_bIndian Council for Agricultural Research ,
_c2003.
300 _a1031 ; .
365 _a400
504 _a
942 _cBK
999 _c11983
_d11983